Central Library OPAC University of Rajshahi

Standard costing : (Record no. 15770)

MARC details
000 -LEADER
fixed length control field 00752nam a22002292i 4500
001 - CONTROL NUMBER
control field 15770
003 - CONTROL NUMBER IDENTIFIER
rucl marc code BD-RjUL
005 - DATE AND TIME OF LATEST TRANSACTION
control field 20211208235901.0
008 - FIXED-LENGTH DATA ELEMENTS--GENERAL INFORMATION
fixed length control field 140210s1956 enka 000 0 eng d
035 ## - SYSTEM CONTROL NUMBER
System control number (BD-RjUL)15825
040 ## - CATALOGING SOURCE
Original cataloging agency FXG
Transcribing agency FXG
Modifying agency EQO
-- BD-RjUL
Language of cataloging eng
041 ## - LANGUAGE CODE
Language code of text/sound track or separate title eng
082 ## - DEWEY DECIMAL CLASSIFICATION NUMBER
Classification number 658.1552
Author mark and year TAS
Edition number 20
090 ## - LOCALLY ASSIGNED LC-TYPE CALL NUMBER (OCLC); LOCAL CALL NUMBER (OCLC)
Classification number (OCLC) (R) ; Classification number, CALL (RLIN) (NR) HF5686.C8
Local cutter number (OCLC) ; Book number/undivided call number, CALL (RLIN) I6
110 2# - MAIN ENTRY--CORPORATE NAME
Corporate name or jurisdiction name as entry element Institute of Chartered Accountants in England and Wales.
9 (RLIN) 62220
245 10 - TITLE STATEMENT
Title Standard costing :
Remainder of title an introduction to the accounting processes
260 ## - PUBLICATION, DISTRIBUTION, ETC. (IMPRINT)
Place of publication, distribution, etc. London :
Name of publisher, distributor, etc. Institute of Chartered Accountants in England and Wales,
Date of publication, distribution, etc. c1956
300 ## - PHYSICAL DESCRIPTION
Pagination 106 p. :
Illustrations fold. diagr. ;
Size 23 cm
650 #0 - SUBJECT ADDED ENTRY--TOPICAL TERM
Topical term or geographic name as entry element Managerial accounting
9 (RLIN) 48919
Topical term or geographic name as entry element Cost accounting
Form subdivision Standards
9 (RLIN) 230028
942 ## - ADDED ENTRY ELEMENTS (KOHA)
Source of classification or shelving scheme Dewey Decimal Classification
Koha item type Books
Holdings
Lost status Source of classification or shelving scheme Damaged status Not for loan Collection code Permanent Location Current Location Shelving location Date acquired Source of acquisition Cost, normal purchase price Total Checkouts Full call number Date last seen Copy number Koha item type
  Dewey Decimal Classification     Non-fiction Central Library, University of Rajshahi Central Library, University of Rajshahi   11/05/1976 B.N.B.C 0.00   658.1552 TAS 1956 10/02/2014 C-2 Books